[Event "It (open)"]
[Site "masterchessopen.com - San Juan (Spain)"]
[Date "2008.06.25"]
[Round "6"]
[White "Juez Villar Erik (ESP)"]
[Black "Sanchez Quiroga Miguel Angel (ESP)"]
[Result "0-1"]
[WhiteElo "1960"]
[BlackElo "2163"]

1.d4 f5 2.c4 Nf6 3.g3 g6 4.Bg2 Bg7 5.Nf3 d6 6.O-O O-O 7.Nc3 Qe8 8.e4 Nxe4
9.Nxe4 fxe4 10.Ng5 Nc6 11.Bxe4 Nxd4 12.Nxh7 Bf5 13.Ng5 Bxe4 14.Nxe4 Qf7 15.Be3
Nf3+ 16.Kg2 Qxc4 17.Nd2 Nxd2 18.Qxd2 c5 19.Rac1 Qxa2 20.Qd3 Qf7 21.f4 Qf5
22.Qb3+ Kh7 23.h4 b6 24.Rh1 d5 25.Rcg1 Qe4+ 26.Kh2 Rae8 {#R} 0-1

[Event "It (open)"]
[Site "masterchessopen.com - Condom (France)"]
[Round "7"]
[White "Brethes Francois (FRA)"]
[Black "Roques Olivier (FRA)"]
[Result "1-0"]
[WhiteElo "2148"]
[BlackElo "1862"]

1.Nf3 f5 2.g3 Nf6 3.Bg2 g6 4.c4 Bg7 5.d4 d6 6.O-O O-O 7.b4 c6 8.Bb2 Nbd7 9.Qb3
Kh8 10.a4 a5 11.b5 cxb5 12.cxb5 Nb6 13.Nbd2 Nfd5 14.Ng5 h6 15.Nh3 Be6 16.Qd1
Qd7 17.e3 Rac8 18.Nf4 Nxf4 19.gxf4 Nd5 20.Qb3 Bf7 ( 20...Nb6 { ?! } 21.d5 Bf7
) ( 20...Nb4 { ! } 21.d5 Bf7 ) 21.Bxd5 Bxd5 22.Qxd5 {#r} 1-0

[Event "It (open) \"]
[Site "masterchessopen.com - Tromsoe (Norway)"]
[Date "2008.08.02"]
[Round "7"]
[White "De Andres Gonalons Fernando (ESP)"]
[Black "Brasoy Aksel (NOR)"]
[Result "0-1"]
[WhiteElo "2092"]
[BlackElo "2033"]

1.d4 f5 2.c4 Nf6 3.g3 g6 4.Bg2 Bg7 5.Nf3 d6 6.O-O O-O 7.Nc3 Qe8 8.d5 Na6 9.Nd4
Bd7 10.e4 fxe4 11.Nxe4 Nxe4 12.Bxe4 c6 13.dxc6 bxc6 14.Nb3 Rb8 15.Qe2 Nc7
16.Bg2 Qf7 17.Rd1 Be6 18.Na5 c5 19.a3 Bd4 20.Rf1 Rb6 21.Rb1 Bf5 22.Be4 Qe6
23.Bd5 Nxd5 24.Qxe6+ Bxe6 25.cxd5 Bxd5 {#R} 0-1

[Event "It (open)"]
[Site "masterchessopen.com - Fouesnant (France)"]
[Date "2008.10.30"]
[Round "7"]
[White "Delalee Paul (FRA)"]
[Black "Nicolas Tristan (FRA)"]
[Result "1-0"]
[WhiteElo "1904"]
[BlackElo "1938"]

1.d4 f5 2.g3 Nf6 3.Bg2 g6 4.c4 Bg7 5.Nf3 O-O 6.O-O d6 7.Qc2 Qe8 8.d5 a5 9.Nc3
Na6 10.Re1 Nc5 11.Nd4 Nxd5 12.Nxd5 Bxd4 13.Nxc7 Qd8 14.Nxa8 f4 15.Bxf4 e5
16.e3 Bf5 17.Qe2 Bxb2 18.Qxb2 Nd3 19.Qxb7 exf4 20.exf4 Qf6 21.Qd5+ Kh8 22.Rad1
Nxe1 23.Rxe1 g5 24.Rd1 Qg6 25.Qxd6 Qf7 26.Qe5+ {#r} 1-0

[Event "It (open) (active)"]
[Site "masterchessopen.com - El Sauzal (Spain)"]
[Date "2008.11.01"]
[Round "1"]
[White "Strikovic Aleksa (SRB)"]
[Black "Campos Vera Carlos (ESP)"]
[Result "1-0"]
[WhiteElo "2533"]
[BlackElo "1641"]

1.Nf3 g6 2.c4 Bg7 3.d4 f5 4.g3 Nf6 5.Bg2 d6 6.O-O O-O 7.b3 Qe8 8.Bb2 Nbd7 9.d5
e6 10.dxe6 Qxe6 11.Nc3 c6 12.Qc2 Ne5 13.Rad1 Nf7 14.Rfe1 Re8 15.Nd4 Qd7 16.b4
Ng5 17.Nb1 Qf7 18.Nd2 Be6 19.Nxe6 Qxe6 20.e4 fxe4 21.Nxe4 Rad8 {#r} 1-0

[Event "Memorial Bela Perenyi (open)"]
[Site "masterchessopen.com - Budapest (Hungary)"]
[Date "2009.01.13"]
[Round "5"]
[White "Koczo Kristof (HUN)"]
[Black "Ritter Gabor (HUN)"]
[Result "1-0"]
[WhiteElo "2242"]
[BlackElo "2106"]

1.d4 f5 2.c4 Nf6 3.g3 g6 4.Bg2 Bg7 5.Nf3 O-O 6.O-O d6 7.Nc3 Qe8 8.d5 Na6 9.Rb1
Nc5 10.b4 Nce4 11.Nxe4 Nxe4 12.Bb2 c5 13.dxc6 bxc6 14.Bxg7 Kxg7 15.Qd4+ e5
16.Qb2 Rf7 17.c5 Re7 18.cxd6 Nxd6 19.Nxe5 Rxe5 20.f4 Nc4 21.Qc3 Ba6 22.fxe5
Qxe5 23.Qxe5+ Nxe5 24.b5 Bb7 25.Rfc1 {#r} 1-0

[Event "Bundesliga 2008/09"]
[Site "masterchessopen.com - Germany"]
[Date "2009.03.01"]
[Round "13"]
[White "Golod Vitali (ISR)"]
[Black "Deglmann Ludwig (GER)"]
[Result "1-0"]
[WhiteElo "2599"]
[BlackElo "2329"]

1.d4 f5 2.c4 Nf6 3.g3 g6 4.Bg2 Bg7 5.Nf3 O-O 6.b4 d6 7.Bb2 e5 8.dxe5 Nfd7 9.c5
Nxe5 10.cxd6 cxd6 11.O-O Nbc6 12.b5 Nxf3+ 13.exf3 Ne5 14.f4 Nf7 15.Bxg7 Kxg7
16.Nc3 a6 17.b6 Qxb6 18.Nd5 Qd8 19.Qd4+ Kh6 20.Rfe1 Nh8 21.Re7 Rf7 22.Rae1 Qf8
23.Re8 Qg7 24.Qxg7+ Kxg7 25.Nb6 {#r} 1-0

[Event "Czech League 2008/09 (2nd) (e)"]
[Site "masterchessopen.com - Czech Republic"]
[Date "2009.04.05"]
[Round "11"]
[White "Ploch Petr (CZE)"]
[Black "Jelinek Ota (CZE)"]
[Result "0-1"]
[WhiteElo "1821"]
[BlackElo "2130"]

1.g3 f5 2.d4 Nf6 3.Bg2 g6 4.c4 Bg7 5.Nf3 d6 6.Nc3 c6 7.Bg5 h6 8.Bd2 Be6 9.b3
O-O 10.Qc2 Na6 11.e4 Nxe4 12.Nxe4 fxe4 13.Nh4 g5 14.Ng6 Rf7 15.h4 Bxd4
16.O-O-O d5 17.Bc3 Rxf2 18.Rd2 Be3 19.Rf1 Rxg2 20.Kb1 Bxd2 21.Bxd2 dxc4
22.Qxe4 Qd3+ {#R} 0-1

[Event "It (open)"]
[Site "masterchessopen.com - Agios Kirykos (Greece)"]
[Date "2009.07.11"]
[Round "1"]
[White "Kalogiannidis Ioannis (GRE)"]
[Black "Rychagov Andrey (RUS)"]
[Result "0-1"]
[WhiteElo "2020"]
[BlackElo "2534"]

1.d4 f5 2.c4 Nf6 3.Nf3 g6 4.g3 Bg7 5.Bg2 O-O 6.O-O d6 7.Nc3 Qe8 8.d5 a5 9.Nd4
Na6 10.Rb1 Bd7 11.b3 Nc5 12.a3 c6 13.Bb2 Rc8 14.b4 axb4 15.axb4 Nce4 16.Qd3
Qf7 17.dxc6 bxc6 18.Nxe4 fxe4 19.Bxe4 Nxe4 20.Qxe4 e5 21.Nf3 Bf5 22.Ng5 Bxe4
23.Nxf7 Bxb1 24.Nxd6 Rcd8 {#R} 0-1

[Event "Ch Austria (w)"]
[Site "masterchessopen.com - Jenbach (Austria)"]
[Date "2009.07.25"]
[Round "1"]
[White "Horvath Maria (AUT)"]
[Black "Schnegg Anna-Lena (AUT)"]
[Result "1-0"]
[WhiteElo "2008"]
[BlackElo "1814"]

1.d4 f5 2.Nf3 Nf6 3.g3 g6 4.Bg2 Bg7 5.c4 O-O 6.O-O d6 7.Nc3 Qe8 8.d5 a5 9.Nd4
e5 10.dxe6 c6 11.Bf4 Qe7 12.Qd2 Na6 13.Rad1 Rd8 14.e4 fxe4 15.Nxe4 Nc5 16.Nxc5
dxc5 17.Nxc6 {#r} 1-0

[Event "It (open)"]
[Site "masterchessopen.com - Munich (Germany)"]
[Date "2009.10.03"]
[Round "1"]
[White "Beckers Thomas (GER)"]
[Black "Deglmann Ludwig (GER)"]
[Result "0-1"]
[WhiteElo "2039"]
[BlackElo "2329"]

1.d4 f5 2.Nf3 Nf6 3.c4 g6 4.g3 Bg7 5.Bg2 O-O 6.O-O d6 7.Nc3 Qe8 8.b3 e5 9.dxe5
dxe5 10.e4 Nc6 11.Ba3 Rf7 12.exf5 Bxf5 13.Ng5 Rd7 14.Nd5 h6 15.f4 hxg5 16.fxg5
Nxd5 17.Bxd5+ Be6 18.Qg4 Rxd5 {#R} 0-1

[Event "It (open)"]
[Site "masterchessopen.com - London (England)"]
[Date "2009.12.14"]
[Round "8"]
[White "Sinanan Joshua C (USA)"]
[Black "Seymour Timothy P (ENG)"]
[Result "1-0"]
[WhiteElo "2249"]
[BlackElo "2050"]

1.d4 f5 2.c4 Nf6 3.g3 g6 4.Bg2 Bg7 5.Nf3 O-O 6.O-O d6 7.Nc3 Qe8 8.d5 a5 9.Rb1
Na6 10.Nd4 Bd7 11.b3 c6 12.Re1 Nc7 13.e4 fxe4 14.Nxe4 Nxe4 15.Rxe4 cxd5
16.cxd5 Nxd5 17.Bb2 Qf7 18.Qd2 Rac8 19.Rbe1 e5 20.Nf3 h6 21.Bxe5 dxe5 22.Nxe5
Bxe5 23.Rxe5 Nb6 24.Re7 Qf5 25.Qxh6 Qxf2+ 26.Kh1 {#r} 1-0

[Event "It \"]
[Site "masterchessopen.com - Aschach (Austria)"]
[Date "2009.12.26"]
[Round "1"]
[White "Tratar Marko (SLO)"]
[Black "Bachmayer Josef (AUT)"]
[Result "1-0"]
[WhiteElo "2494"]
[BlackElo "2073"]

1.d4 f5 2.g3 Nf6 3.Bg2 g6 4.Nf3 Bg7 5.c4 O-O 6.b4 c6 7.Bb2 a5 8.b5 a4 9.O-O d6
10.Qd3 Bd7 11.Na3 Ne4 12.Rfc1 Qe8 13.Nd2 d5 14.e3 Kh8 15.Rab1 dxc4 16.Ndxc4
cxb5 17.Nb6 Ra5 18.Nxd7 Qxd7 19.Bxe4 fxe4 20.Qxe4 Na6 21.Bc3 b4 22.Bxb4 Nxb4
23.Rxb4 b5 24.Rc5 Rb8 25.Nc4 Raa8 26.Nb6 {#r} 1-0

[Event "It (open) (b)"]
[Site "masterchessopen.com - Zurich (Switzerland)"]
[Date "2009.12.27"]
[Round "2"]
[White "Berset Alan (SUI)"]
[Black "Binggeli Christian (SUI)"]
[Result "1-0"]
[WhiteElo "1764"]
[BlackElo "1929"]

1.d4 f5 2.c4 Nf6 3.g3 g6 4.Bg2 Bg7 5.Nf3 O-O 6.O-O d6 7.Nc3 Qe8 8.Qb3 Kh8
9.Ng5 Na6 10.f4 h6 11.Nf3 c6 12.a3 Bd7 13.Nh4 Qf7 14.Qxb7 Qxc4 15.Nxg6+ Kh7
16.Nxf8+ Rxf8 17.Qxa7 Rc8 18.Rf3 Nd5 19.Qxd7 Bxd4+ 20.e3 Rf8 21.Nxd5 Qxd5
22.exd4 Qxd4+ 23.Be3 Qf6 24.Qxc6 Qxb2 25.Rff1 {#r} 1-0

[Event "It (open)"]
[Site "masterchessopen.com - Litomysl (Czech Republic)"]
[Round "7"]
[White "Maciol Ryszard (POL)"]
[Black "Hillmann Michael (GER)"]
[Result "1-0"]
[WhiteElo "2245"]
[BlackElo "2142"]

1.d4 f5 2.g3 Nf6 3.Bg2 g6 4.Nf3 Bg7 5.c4 O-O 6.O-O d6 7.b3 Na6 8.Bb2 c6 9.a3
Nc7 10.Qc2 Bd7 11.Nbd2 Rb8 12.e4 Nxe4 13.Nxe4 fxe4 14.Qxe4 b5 15.cxb5 Rxb5
16.Nd2 Nd5 17.Rfe1 Bf6 18.Qc2 Qb6 19.Nc4 Qb7 20.b4 Rb8 21.Re2 Bg4 22.Rd2 Rc8
23.Rc1 Qa8 24.h4 Bg7 25.Na5 Rb6 26.Nxc6 {#r} 1-0

[Event "It (open) (b)"]
[Site "masterchessopen.com - Krakow (Poland)"]
[Date "2010.01.02"]
[Round "6"]
[White "Bednarczyk Damian (POL)"]
[Black "Korniyuk Mariya (UKR)"]
[Result "1-0"]
[WhiteElo "2019"]
[BlackElo "2126"]

1.d4 f5 2.c4 Nf6 3.Nf3 g6 4.g3 Bg7 5.Bg2 O-O 6.O-O d6 7.Nc3 Qe8 8.d5 a5 9.Nd4
Na6 10.Re1 Qf7 11.Ncb5 Ne4 12.f3 Nf6 13.e4 fxe4 14.f4 Bf5 15.Bd2 Rfd8 16.Nxf5
gxf5 17.Nd4 Nd7 18.Bc3 c6 19.Bh3 Nac5 20.Nxf5 Bf8 21.Nh4 Nf6 {#r} 1-0

[Event "Ch Europe (w)"]
[Site "masterchessopen.com - Rijeka (Croatia)"]
[Date "2010.03.17"]
[Round "11"]
[White "Kushka Alena (RUS)"]
[Black "Nikolova Adriana (BUL)"]
[Result "0-1"]
[WhiteElo "2158"]
[BlackElo "2295"]

1.d4 f5 2.c4 g6 3.g3 Bg7 4.Bg2 Nf6 5.Nf3 O-O 6.O-O d6 7.b3 a5 8.a4 Qe8 9.Bb2
h6 10.Nc3 Na6 11.e4 fxe4 12.Nd2 Bg4 13.Qb1 Nb4 14.Ndxe4 c6 15.Re1 Qf7 16.f4
Nxe4 17.Nxe4 d5 18.cxd5 cxd5 19.Nc5 Bf5 20.Qd1 b6 {#R} 0-1

[Event "It"]
[Site "masterchessopen.com - Krakow (Poland)"]
[Date "2010.04.25"]
[Round "1"]
[White "Baracca Paolo (ITA)"]
[Black "Kuziola Mateusz (POL)"]
[Result "0-1"]
[WhiteElo "2048"]
[BlackElo "2326"]

1.d4 f5 2.Nf3 Nf6 3.g3 g6 4.Bg2 Bg7 5.c4 O-O 6.O-O d6 7.Nc3 e6 8.Bg5 h6 9.Bxf6
Qxf6 10.e4 e5 11.exf5 gxf5 12.dxe5 dxe5 13.Qb3 Nc6 14.c5+ Qf7 15.Qxf7+ Rxf7
16.Nd2 Be6 17.Nb3 a5 18.Bd5 Bxd5 19.Nxd5 a4 20.Nc1 e4 21.Rb1 Ne5 22.Ne2 Nf3+
{#R} 0-1

[Event "It (a) (open)"]
[Site "masterchessopen.com - Kostroma (Russia)"]
[Round "6"]
[White "Matveev Vladimir (RUS)"]
[Black "Zhukov Viktor (RUS)"]
[Result "1-0"]
[WhiteElo "2222"]
[BlackElo "2128"]

1.d4 f5 2.c4 Nf6 3.g3 g6 4.Bg2 Bg7 5.Nf3 O-O 6.O-O d6 7.Nc3 Qe8 8.d5 c5 9.Rb1
Na6 10.b3 h6 11.Bb2 g5 12.e3 Nc7 13.Nd2 Rb8 14.f4 a6 15.e4 Ng4 16.Qe2 Bd4+
17.Kh1 Ne3 {#r} 1-0

[Event "It \"]
[Site "masterchessopen.com - Berlin (Germany)"]
[Date "2010.07.15"]
[Round "4"]
[White "Major Vitalij (GER)"]
[Black "Figura Atila Gajo (GER)"]
[Result "0-1"]
[WhiteElo "2157"]
[BlackElo "2367"]

1.d4 f5 2.g3 Nf6 3.Bg2 g6 4.Nf3 Bg7 5.c4 d6 6.Nc3 O-O 7.O-O Qe8 8.Re1 Qf7
9.Qd3 Nc6 10.d5 Nb4 11.Qb1 h6 12.a3 Na6 13.Be3 g5 14.Bd4 c5 15.Bxf6 Bxf6
16.Qd3 Nc7 17.e4 g4 18.Nd2 Bd4 19.exf5 Bxf5 20.Qe2 Rae8 21.Nde4 Qg6 22.Rf1 e6
23.Kh1 exd5 24.cxd5 Bxc3 {#R} 0-1

[Event "Ch Germany (seniors)"]
[Site "masterchessopen.com - Berlin (Germany)"]
[Date "2010.08.16"]
[Round "1"]
[White "Knaak Joachim (GER)"]
[Black "Kraemer Franz Josef (GER)"]
[Result "1-0"]
[WhiteElo "2085"]
[BlackElo "1895"]

1.d4 f5 2.c4 Nf6 3.g3 g6 4.Bg2 Bg7 5.Nf3 c5 6.O-O cxd4 7.Nxd4 e5 8.Nb5 O-O
9.N1c3 a6 10.Nd6 e4 11.Nd5 Nc6 12.Be3 Ng4 13.Bb6 Qg5 14.Nc7 Be5 15.Qd5+ Kg7
16.Nde8+ Rxe8 17.Nxe8+ Kh6 18.Bc5 Ne7 19.h4 Nxd5 20.hxg5+ Kxg5 21.cxd5 b5
22.f4+ exf3 23.exf3 {#r} 1-0

[Event "Tournament"]
[Site "masterchessopen.com - Campinas (Brazil)"]
[Date "2010.10.16"]
[Round "6"]
[White "Souza Brito Andrielli"]
[Black "Grillo Cloves Moises (BRA)"]
[Result "1-0"]
[WhiteElo "1819"]
[BlackElo "1869"]

1.d4 f5 2.Nf3 Nf6 3.g3 g6 4.Bg2 Bg7 5.c4 d6 6.Nc3 O-O 7.O-O Qe8 8.Nd5 Nxd5
9.cxd5 e5 10.dxe6 Bxe6 11.Ng5 c6 12.d5 Bd7 13.Qb3 Kh8 14.Qxb7 cxd5 15.Qxa8 Bd4
16.Qxd5 Bc5 17.h4 h6 18.Nh3 Nc6 19.Qd2 Qf7 20.Qxh6+ Qh7 21.Qxf8+ {#r} 1-0

[Event "Tournament (open)"]
[Site "masterchessopen.com - Sao Jose do Rio Preto (Brazil)"]
[Date "2010.11.26"]
[Round "4"]
[White "Brandao Renan Alves (BRA)"]
[Black "Blit Jacques (ARG)"]
[Result "0-1"]
[WhiteElo "2043"]
[BlackElo "2369"]

1.d4 g6 2.c4 f5 3.g3 Nf6 4.Bg2 Bg7 5.Nf3 O-O 6.O-O d6 7.Nc3 Qe8 8.d5 a5 9.Nd4
Na6 10.b3 h6 11.e3 g5 12.f4 Nc5 13.Ncb5 Qd8 14.Bb2 Nfe4 15.Rc1 Bd7 16.Nc3 Qe8
17.Qc2 c6 18.Nxe4 fxe4 19.fxg5 Qg6 20.dxc6 bxc6 21.Rcd1 Qxg5 22.Qd2 a4 23.b4
Nd3 24.Ba1 Ne5 25.Qe2 Bg4 {#R} 0-1

[Event "It (open) (under 2000)"]
[Site "masterchessopen.com - Benidorm (Spain)"]
[Date "2010.12.03"]
[Round "1"]
[White "Benito Alba Eladio (ESP)"]
[Black "Borja Perez Jose (ESP)"]
[Result "0-1"]
[WhiteElo "1778"]
[BlackElo "1983"]

1.d4 f5 2.Nf3 Nf6 3.c4 g6 4.g3 Bg7 5.Bg2 O-O 6.O-O d6 7.Nc3 Nbd7 8.Re1 c6
9.Qc2 e5 10.dxe5 dxe5 11.Rd1 Qe7 12.Bg5 h6 13.Bxf6 Nxf6 14.Rd2 Bd7 15.Rad1
Rad8 16.a3 e4 17.Ne1 e3 18.fxe3 Qxe3+ 19.Kh1 Ng4 20.Nd3 Be6 21.b3 Bxc3 22.Qxc3
Nf2+ 23.Nxf2 Qxc3 {#R} 0-1

[Event "Ch Pan-American (juniors) (under 20)"]
[Site "masterchessopen.com - Guayaquil (Ecuador)"]
[Date "2011.06.06"]
[Round "3"]
[White "Rojas Alarcon Julian Antonio (MEX)"]
[Black "Olvera Urena Y"]
[Result "1-0"]
[WhiteElo "2272"]
[BlackElo "1749"]

1.d4 f5 2.c4 Nf6 3.Nf3 g6 4.g3 Bg7 5.Bg2 O-O 6.O-O c6 7.d5 Na6 8.Nc3 Nh5 9.e4
fxe4 10.Nxe4 Rb8 11.Qe2 h6 12.Re1 d6 13.Nh4 Kh7 14.Nc3 Bf6 15.Nxg6 Kxg6
16.Be4+ Kg7 17.Qxh5 Rh8 18.Qg6+ {#r} 1-0

[Event "It (open)"]
[Site "masterchessopen.com - Dortmund (Germany)"]
[Date "2011.07.25"]
[Round "3"]
[White "Roth Thorsten"]
[Black "Eckert Marius (GER)"]
[Result "1-0"]
[WhiteElo "2095"]
[BlackElo "1947"]

1.d4 f5 2.c4 Nf6 3.Nf3 g6 4.g3 Bg7 5.Bg2 O-O 6.O-O d5 7.cxd5 Nxd5 8.Qb3 e6
9.Bg5 Qd6 10.Nc3 c6 11.e4 Ne7 12.Rad1 Kh8 13.Bf4 Qd8 14.d5 cxd5 15.exd5 exd5
16.Rfe1 Nbc6 17.Nb5 Bd7 18.Nc7 Rc8 19.Nxd5 Na5 20.Qa3 Nec6 21.Qd3 Bxb2 22.Bg5
{#r} 1-0

[Event "It (open) \"]
[Site "masterchessopen.com - Medellin (Colombia)"]
[Date "2011.08.05"]
[Round "3"]
[White "De La Cruz Jonathan (PER)"]
[Black "Munoz Farid (COL)"]
[Result "0-1"]
[WhiteElo "2008"]
[BlackElo "2172"]

1.d4 f5 2.c4 Nf6 3.g3 g6 4.Bg2 Bg7 5.Nf3 d6 6.Nc3 O-O 7.O-O Qe8 8.d5 Na6 9.Nd4
h6 10.h3 Bd7 11.f4 Nh5 12.Kh2 g5 13.fxg5 Qg6 14.e3 hxg5 15.Qf3 Nxg3 16.Qxg3
{#R} 0-1

[Event "Memorial M.Botvinnik (open)"]
[Site "masterchessopen.com - St. Petersburg (Russia)"]
[Date "2011.08.14"]
[Round "3"]
[White "Aleksandrov Aleksej (BLR)"]
[Black "Bulanov Dmitri (BLR)"]
[Result "1-0"]
[WhiteElo "2618"]
[BlackElo "2386"]

1.d4 f5 2.Nf3 Nf6 3.c4 g6 4.g3 Bg7 5.Bg2 O-O 6.b4 d6 7.Bb2 c6 8.O-O Kh8 9.Qd3
Be6 10.Nbd2 Nbd7 11.a4 Bg8 12.a5 a6 13.Rfe1 Qc7 14.Rac1 e5 15.dxe5 Nxe5 16.Qb1
Rad8 17.Qa1 Nxf3+ 18.Bxf3 d5 19.b5 dxc4 20.b6 Qd7 21.Nxc4 Bd5 22.Ne5 Qe6
23.Nd3 Qf7 24.Nc5 Rfe8 25.Nxb7 {#r} 1-0

[Event "Tournament (open)"]
[Site "masterchessopen.com - Sao Paulo (Brazil)"]
[Round "1"]
[White "Quintiliano Renato Rodrigues"]
[Black "Jonas Tiago Filipe Da Silv"]
[Result "1-0"]
[WhiteElo "2277"]
[BlackElo "1836"]

1.d4 f5 2.g3 g6 3.Bg2 Nf6 4.c4 Bg7 5.Nf3 d6 6.O-O O-O 7.b4 c6 8.Bb2 h6 9.Nbd2
Qe8 10.Qc2 Nh5 11.e4 f4 12.e5 Bf5 13.Qb3 Qd7 14.exd6 exd6 15.Nh4 Kh7 16.Nxf5
Qxf5 17.Nf3 Nf6 18.Rae1 Nbd7 19.Nh4 Qg4 20.Bf3 Qg5 21.Bc1 Nh5 22.Qd3 Rfe8
23.Ng2 Qf6 24.Bxh5 {#r} 1-0

[Event "It (open) \"]
[Site "masterchessopen.com - Nuernberg (Germany)"]
[Date "2011.09.09"]
[Round "2"]
[White "Hirn Oskar (GER)"]
[Black "Mainka Romuald (GER)"]
[Result "0-1"]
[WhiteElo "2255"]
[BlackElo "2442"]

1.d4 f5 2.c4 Nf6 3.g3 g6 4.Bg2 Bg7 5.Nf3 O-O 6.O-O d6 7.Nc3 Qe8 8.d5 a5 9.Re1
Na6 10.Ng5 h6 11.Ne6 Bxe6 12.dxe6 Nc5 13.e4 Ncxe4 14.Nxe4 Nxe4 15.Bxe4 fxe4
16.Rxe4 b5 17.Be3 bxc4 18.Rxc4 c5 19.Qd2 Rb8 20.Rb1 g5 21.b3 Qg6 22.Re1 Rb4
23.Qc1 Qf5 24.f4 g4 25.Bf2 Rfb8 {#R} 0-1

[Event "Ch Europe (juniors) (under 14) (g)"]
[Site "masterchessopen.com - Albena (Bulgaria)"]
[Date "2011.09.13"]
[Round "3"]
[White "Goryachkina Aleksandra (RUS)"]
[Black "Beinenson Katsiaryna (BLR)"]
[Result "1-0"]
[WhiteElo "2153"]
[BlackElo "1881"]

1.d4 f5 2.Nf3 Nf6 3.g3 g6 4.Bg2 Bg7 5.c4 O-O 6.b4 d6 7.Bb2 c6 8.O-O Ne4 9.Nc3
c5 10.Qb3 Nxc3 11.Bxc3 cxb4 12.Qxb4 Qc7 13.Qb3 Kh8 14.h4 f4 15.d5 fxg3
16.Bxg7+ Kxg7 17.Qc3+ Kg8 18.fxg3 b5 19.h5 Qxc4 20.Qd2 Rf5 21.Rac1 {#r} 1-0

[Event "Ch Europe (active)"]
[Site "masterchessopen.com - Warsaw (Poland)"]
[Date "2011.12.18"]
[Round "11"]
[White "Piorun Kacper (POL)"]
[Black "Wiley Tom E (ENG)"]
[Result "1-0"]
[WhiteElo "2520"]
[BlackElo "2292"]

1.c4 f5 2.g3 Nf6 3.Bg2 g6 4.Nf3 Bg7 5.d4 O-O 6.O-O d6 7.Nc3 Qe8 8.Re1 Qf7 9.e4
fxe4 10.Nxe4 Nxe4 11.Rxe4 Nc6 12.Be3 e5 13.Ng5 Qe7 14.Rh4 h6 15.Bd5+ Kh8
16.Nf3 exd4 17.Nxd4 Nxd4 18.Bxd4 Bxd4 19.Qxd4+ Kh7 20.Re4 {#r} 1-0

[Event "It (open) (c)"]
[Site "masterchessopen.com - Krakow (Poland)"]
[Date "2012.01.02"]
[Round "6"]
[White "Jajte-Pachota Maciej (POL)"]
[Black "Wasik Roman (POL)"]
[Result "1-0"]
[WhiteElo "1766"]
[BlackElo "1633"]

1.d4 f5 2.Nf3 g6 3.g3 Bg7 4.Bg2 Nf6 5.c4 d6 6.O-O O-O 7.Nc3 Qe8 8.e4 fxe4
9.Ng5 Bf5 10.Ngxe4 c6 11.Nxf6+ Bxf6 12.Bh6 Bg7 13.Bxg7 Kxg7 14.Rc1 Nd7 15.Re1
Qf7 16.d5 Ne5 17.Ne4 Bxe4 18.Bxe4 Qxf2+ 19.Kh1 Rae8 20.Qb3 Qb6 21.Qc3 Qc7
22.dxc6 bxc6 {#r} 1-0

[Event "Ch British Universities (team)"]
[Site "masterchessopen.com - High Wycombe (England)"]
[Date "2012.02.25"]
[Round "5"]
[White "Thompson Robert (ENG)"]
[Black "Khandelwal Ankush (ENG)"]
[Result "0-1"]
[WhiteElo "1965"]
[BlackElo "2219"]

1.c4 f5 2.g3 Nf6 3.Bg2 g6 4.d4 Bg7 5.Nf3 O-O 6.b4 d5 7.Nbd2 Ne4 8.cxd5 Qxd5
9.Qb3 Qxb3 10.Nxb3 Nc6 11.a3 Be6 12.Nbd2 Nxd4 13.Nxd4 Bxd4 14.Nxe4 fxe4 15.Rb1
Bxf2+ 16.Kd1 Bf5 17.e3 Bg4+ 18.Kc2 Bxg3 {#R} 0-1

[Event "Tournament (open)"]
[Site "masterchessopen.com - Rochinskiy (Russia)"]
[Date "2012.06.22"]
[Round "1"]
[White "Khuzin Dinislam (RUS)"]
[Black "Zhitnikov Sergey (ISR)"]
[Result "0-1"]
[WhiteElo "1841"]
[BlackElo "2320"]

1.Nf3 f5 2.g3 Nf6 3.Bg2 g6 4.d4 Bg7 5.c4 d6 6.Nc3 O-O 7.O-O Qe8 8.Re1 e5 9.e4
Nc6 10.d5 Nd8 11.Qc2 Nf7 12.Nh4 f4 13.Bd2 Nh5 14.Bf3 Ng5 15.Bxh5 gxh5 16.f3
Bf6 17.Kh1 Nh3 18.Ng2 Qg6 19.Ne2 Kh8 20.gxf4 Rg8 21.Ng3 h4 22.f5 Qg7 23.Ne3
hxg3 24.Ng4 Nf2+ {#R} 0-1

[Event "It (open)"]
[Site "masterchessopen.com - Leiden (Netherlands)"]
[Date "2012.07.13"]
[Round "7"]
[White "Rabus Berthold (GER)"]
[Black "Scherpenisse Kees (NED)"]
[Result "0-1"]
[WhiteElo "2220"]
[BlackElo "1965"]

1.d4 f5 2.Nf3 Nf6 3.g3 g6 4.Bg2 Bg7 5.c4 d6 6.Nc3 O-O 7.O-O e6 8.b3 Ne4 9.Bb2
Nc6 10.a3 a5 11.Rc1 Nxc3 12.Bxc3 e5 13.dxe5 dxe5 14.Qd5+ Kh8 15.Rfd1 Qe7
16.Bb2 Rd8 17.Qb5 Bd7 18.Qxb7 Ra7 19.Rxd7 Qxd7 20.Nxe5 Qd1+ 21.Rxd1 Rxd1+
22.Bf1 Rxb7 {#R} 0-1

[Event "Ch Czech Republic (open) (team)"]
[Site "masterchessopen.com - Pardubice (Czech Republic)"]
[Date "2012.07.15"]
[Round "7"]
[White "Melzer Patrik (CZE)"]
[Black "Potapov Alexander_ (RUS)"]
[Result "0-1"]
[WhiteElo "2066"]
[BlackElo "2395"]

1.Nf3 f5 2.d4 Nf6 3.g3 g6 4.Bg2 Bg7 5.c4 d6 6.Nc3 O-O 7.O-O Qe8 8.e4 fxe4
9.Ng5 Nc6 10.Be3 Ng4 11.Nb5 Qd8 12.Bxe4 a6 13.Bd5+ Kh8 14.Nc3 e5 15.Nf7+ Rxf7
16.Bxf7 exd4 17.Bxd4 Nxd4 18.Re1 Ne5 19.Bd5 c6 20.Bg2 Bf5 21.Ne4 d5 {#R} 0-1

[Event "Memorial M.Najdorf (open)"]
[Site "masterchessopen.com - Warsaw (Poland)"]
[Date "2012.08.10"]
[Round "6"]
[White "Goslawski Michal (POL)"]
[Black "Krasiewicz Robert (POL)"]
[Result "1-0"]
[WhiteElo "2100"]
[BlackElo "2043"]

1.d4 f5 2.Nf3 Nf6 3.c4 g6 4.g3 Bg7 5.Bg2 d6 6.O-O O-O 7.Nc3 Qe8 8.Nd5 Na6
9.Nxf6+ Bxf6 10.Bh6 Bg7 11.Bxg7 Kxg7 12.e4 f4 13.Qd2 Qf7 14.e5 Qxc4 15.exd6
exd6 16.Rfe1 Qf7 17.Re4 fxg3 18.hxg3 Bf5 19.Ng5 Qf6 20.Rh4 h6 21.Nh7 {#r} 1-0